header

Using insulin pumps in diabetes (Record no. 150691)

MARC details
000 -LEADER
fixed length control field 01252nam a2200313Ia 4500
100 1# - MAIN ENTRY--AUTHOR NAME
Personal name Rodgers, Jill.
245 10 - TITLE STATEMENT
Title Using insulin pumps in diabetes
260 ## - PUBLICATION, DISTRIBUTION, ETC. (IMPRINT)
Place of publication Chichester, England ;
-- Hoboken, NJ :
Name of publisher John Wiley,
Year of publication c2008.
300 ## - PHYSICAL DESCRIPTION
Number of Pages x, 209 p.
650 #0 - SUBJECT ADDED ENTRY--TOPICAL TERM
Topical Term Insulin pumps.
Topical Term Diabetes
Topical Term Diabetes
856 40 - ELECTRONIC LOCATION AND ACCESS
Uniform Resource Identifier http://site.ebrary.com/lib/rucke/Doc?id=10236558

No items available.

© 2026 Rongo University
Contact us: librarian | system librarian | Rongo university